Analýza hodnoty informácií bakalárska práca

Saved in:
Bibliographic Details
Main Author: Ružičková, Michaela
Corporate Author: Fakulta hospodárskej informatiky EU. Katedra štatistiky
Other Authors: Terek, Milan
Format: Book
Language:Slovak
Published: Bratislava 2009
Tags: Add Tag
No Tags, Be the first to tag this record!

MARC

LEADER 00000nam$a2200000$$$4500
001 0102205
005 20240319125100.5
041 0 |a slo 
044 |a SK 
245 1 0 |a Analýza hodnoty informácií  |b bakalárska práca  |c Michaela Ružičková ; škol. Milan Terek 
264 1 |a Bratislava  |c 2009 
300 |a 29 s. 
100 1 |a Ružičková, Michaela 
700 1 |a Terek, Milan 
710 2 |a Fakulta hospodárskej informatiky EU. Katedra štatistiky